Normal view
MARC view
- Handbook of Fingerprint Recognition
Entry Topical Term
001 - CONTROL NUMBER
- control field: 124255
003 - CONTROL NUMBER IDENTIFIER
- control field: NUST
005 - DATE AND TIME OF LATEST TRANSACTION
- control field: 20240709123718.0
008 - FIXED-LENGTH DATA ELEMENTS
- fixed length control field: 240709|| aca||aabn | a|a d
040 ## - CATALOGING SOURCE
- Original cataloging agency: NUST
- Transcribing agency: NUST
150 ## - HEADING--TOPICAL TERM
- Topical term or geographic name entry element: Handbook of Fingerprint Recognition
670 ## - SOURCE DATA FOUND
- Source citation: Work cat.: (NUST): Maltoni Davide 95669, Handbook of Fingerprint Recognition, 2009.
